| 000 | 01166nam a22002777a 4500 | ||
|---|---|---|---|
| 003 | BD-DhSAU | ||
| 005 | 20220928155449.0 | ||
| 008 | 150612b2021 bg ad||| m||| 00| 0 eng d | ||
| 040 | _aBD-DhSAU | ||
| 082 |
_222 _a595.7 _bAh95 |
||
| 100 |
_aAnwar, Mahfuza _eRegistration no. # 13-05451 |
||
| 245 |
_aDamage assessment of major insect pest of cole crops and their ecofriendly management / _bMS thesis _cMahfuza Anwar |
||
| 260 |
_aSher-e-Bangla Agricultural Uniersity : _bDepartment of Entomology, _cJune, 2021. |
||
| 300 |
_avii, 62 p. : _bill. ; _c30 cm. |
||
| 500 | _aMS thesis of Department of Entomology, Faculty of Agriculture, Sher-e-Bangla Agricultural University, Dhaka, Bangladesh | ||
| 504 | _aIncludes bibliographical reference. | ||
| 590 | _aKobir | ||
| 650 | _aEntomology | ||
| 650 | _aInsect pest of cole crops | ||
| 650 | _aCole crops | ||
| 650 | _aEcofriendly management | ||
| 700 |
_aAkter, Ayesha _eSuperviser |
||
| 700 |
_aAkter, Tahmina _eCo-superviser |
||
| 856 | _uhttp://archive.saulibrary.edu.bd:8080/xmlui/handle/123456789/3847 | ||
| 942 |
_2ddc _cTHESIS |
||
| 999 |
_c16097 _d16096 |
||